| 000 | 00438nam a2200193Ia 4500 | ||
|---|---|---|---|
| 003 | 0100 | ||
| 008 | 130307s9999 xx 000 0 und d | ||
| 040 | _cARRUPELIB | ||
| 050 | _aBT613.P31 | ||
| 100 | _aPaul VI | ||
| 245 | _aMarialis Cultus of his Holiness Paul VI | ||
| 245 | _bapostolic exhortation | ||
| 260 | _aAthlone | ||
| 260 | _bSt. Paul Publications | ||
| 260 | _c1974 | ||
| 300 | _a96p. | ||
| 300 | _b18cm | ||
| 942 | 0 | 0 | _01 |
| 999 |
_c92625 _d92625 |
||